000 01245nam a22002777a 4500
003 OSt
005 20250403102552.0
008 240910b ||||| |||| 00| 0 eng d
040 _c0
082 _aDPer 621.317 Ie21 December 2022 v.37 n. 12 part 1&2.
100 _aDu, Qingxiao.
_eauthor.
_960560
245 _aResearch on the dc-side passive harmonic reduction methods of the ultramultiphase parallel-connected multipulse rectifier /
_cQingxiao Du, Lei Gao, Quanhui Li, Senkei Wang, Feng Li, and Fangang Meng.
260 _aNew York ;
_bThe Institute of Electrical and Electronics Engineers, Inc.,
_cDecember 2022.
300 _avolume 37, pages 14809-14819,
_billustration.
500 _aIEEE Transactions on Power Electronics, v. 37 n. 12, pages 14809-14819, December 2022.
650 0 _aHarmonic elimination.
_966146
650 0 _apassive harmonic reduction circuit (HRC).
_966147
650 0 _aultramultiphase multipulse rectifiers (MPR).
_966148
700 _aDu, Qingxiao.
_eauthor.
_960560
700 _aGao, Lei.
_eauthor.
_960561
700 _aLi, Quanhui.
_eauthor.
_960562
700 _aWang, Senkei.
_eauthor.
_960563
700 _a Li, Feng.
_eauthor.
_960564
700 _aMeng, Fangang
_eauthor.
_960565
942 _2ddc
_cPER
999 _c21452
_d21452